[Event "Muscat-ch op"]
[Site "Muscat"]
[Date "2024.12.27"]
[Round "2"]
[White "Sharma, Taksh"]
[Black "Suchitraa, Viswanathan"]
[Result "1-0"]
[WhiteElo "1864"]
[BlackElo "1483"]
[PlyCount "83"]
[EventDate "2024.12.26"]
[EventType "swiss"]
[EventRounds "9"]
[EventCountry "OMN"]
[SourceTitle "CB01_2025"]
[SourceDate "2025.01.01"]
[SourceVersion "1"]
[SourceVersionDate "2025.01.01"]
[SourceQuality "1"]

1. e4 e5 2. Nf3 Nc6 3. Nc3 Nf6 4. Bb5 d6 5. d4 exd4 6. Nxd4 Bd7 7. Bxc6 Bxc6 8. Nxc6 bxc6 9. Qf3 c5 10. 0-0 Be7 11. e5 Nd7 12. exd6 cxd6 13. Qg3 0-0 14. Bh6 Bf6 15. Bf4 Be5 16. Rad1 Bxf4 17. Qxf4 Ne5 18. Rd5 Qb6 19. b3 Rad8 20. Rfd1 Rfe8 21. Na4 Qc7 22. Qd2 Nc6 23. h3 Qb8 24. Rxd6 h6 25. Rxd8 Rxd8 26. Qe1 Rxd1 27. Qxd1 Qe5 28. c3 Ne7 29. Qd8+ Kh7 30. Qd3+ Kg8 31. Qe3 Qd6 32. Qxc5 Qd1+ 33. Kh2 Qc1 34. Qe3 Qa3 35. c4 Qd6+ 36. Qg3 Qe6 37. c5 Nf5 38. Qc7 Ne7 39. Qd6 Qe4 40. f3 Qb7 41. Nc3 Nc6 42. Nd5 1-0

[Event "Thailand Pattaya U10 op 2nd"]
[Site "Pattaya"]
[Date "2019.10.22"]
[Round "7"]
[White "Muhd Ridzuan, Ariel Redza"]
[Black "Sharma, Taksh"]
[Result "0-1"]
[WhiteElo "1256"]
[BlackElo "1033"]
[PlyCount "46"]
[EventDate "2019.10.19"]
[EventType "swiss"]
[EventRounds "9"]
[EventCountry "THA"]
[SourceTitle "CBM 193 Extra"]
[Source "ChessBase"]
[SourceDate "2020.01.31"]
[SourceVersion "1"]
[SourceVersionDate "2020.01.31"]
[SourceQuality "1"]

1. e4 e5 2. Nf3 Nc6 3. Bc4 Nf6 4. Ng5 d5 5. exd5 Na5 6. Bb5+ c6 7. dxc6 bxc6 8. Ba4 h6 9. Nf3 e4 10. Ne5 Qd4 11. Nxc6 Qxa4 12. Nxa5 Qxa5 13. 0-0 Bd6 14. Re1 0-0 15. f3 Qe5 16. g3 Qd4+ 17. Kg2 Bb7 18. Kf1 exf3 19. d3 Ng4 20. Qd2 f2 21. Re4 Nxh2+ 22. Kg2 f1Q+ 23. Kxh2 Qdg1# 0-1

[Event "Thailand Pattaya U10 op 2nd"]
[Site "Pattaya"]
[Date "2019.10.20"]
[Round "4"]
[White "Mohd Faizullah, Ahmad Danial Iskand"]
[Black "Sharma, Taksh"]
[Result "0-1"]
[WhiteElo "1122"]
[BlackElo "1033"]
[PlyCount "76"]
[EventDate "2019.10.19"]
[EventType "swiss"]
[EventRounds "9"]
[EventCountry "THA"]
[SourceTitle "CBM 193 Extra"]
[Source "ChessBase"]
[SourceDate "2020.01.31"]
[SourceVersion "1"]
[SourceVersionDate "2020.01.31"]
[SourceQuality "1"]

1. d4 d5 2. Nf3 Nf6 3. g3 c5 4. dxc5 Nc6 5. Bg2 e5 6. 0-0 Bxc5 7. Nbd2 0-0 8. c4 e4 9. Ne1 dxc4 10. Nc2 Re8 11. Nxc4 Be6 12. b3 Bxc4 13. bxc4 Qb6 14. e3 Rad8 15. Qe1 Nb4 16. Qe2 Nxc2 17. Qxc2 Qd6 18. Bb2 Qe6 19. Rfd1 b6 20. Rd2 Rxd2 21. Qxd2 Be7 22. Rd1 Rc8 23. Qe2 Rxc4 24. Bxf6 Bxf6 25. Bf1 Ra4 26. Rc1 h6 27. Rc4 Ra3 28. Bg2 Qe5 29. Bxe4 g6 30. Qg4 h5 31. Qc8+ Kg7 32. Bxg6 Kxg6 33. Qg8+ Bg7 34. Rc6+ f6 35. f4 Qa1+ 36. Kg2 Rxa2+ 37. Kh3 Qf1+ 38. Kh4 Rxh2# 0-1